Seszelska imigracja według państw - Statystyki

Ogólne statystyki
  • Ten quiz został rozwiązany 18 razy
  • Średni wynik to 7 z 10
Statystyki odpowiedzi
Ludzie Państwo % Poprawnych
6 728 Indie
92%
549 Chiny
85%
876 Madagaskar
85%
288 Republika Południowej Afryki
85%
272 Francja
77%
435 Kenia
77%
614 Mauritius
69%
335 Wielka Brytania
62%
639 Sri Lanka
46%
758 Filipiny
15%
Nie znaleziono quizów pasujących do podanych kryteriów
Rozkład punktacji
Procent ludzi z każdym wynikiem
Percentyl według liczby udzielonych odpowiedzi
Twoja historia wyników
Nie rozwiązałeś tego quizu